Statistics for No Clues: What Are These Song Lyrics #3

Click here to take the quiz!

General Stats

  • This quiz has been taken 3,261 times
  • The average score is 20 of 96

Answer Stats

Answer% Correct
I
97%
a
94%
the
88%
You
85%
me
68%
love
67%
in
65%
be
64%
to
64%
and
63%
she's
59%
rain
56%
no
53%
of
49%
my
46%
when
45%
for
40%
that
36%
there
36%
have
35%
If
35%
was
35%
you're
31%
day
30%
know
30%
all
29%
it's
28%
don't
26%
could
25%
But
24%
too
24%
some
23%
had
22%
woman
22%
up
21%
here
20%
out
20%
heart
18%
get
17%
gone
16%
Got
16%
Now
16%
Yes
16%
need
15%
way
15%
Just
14%
baby
13%
been
13%
every
13%
I'll
12%
sky
12%
I've
11%
little
9%
long
9%
water
8%
Once
7%
around
6%
call
6%
high
6%
hot
6%
ain't
5%
alone
5%
believe
5%
die
5%
dry
5%
found
5%
free
5%
Lost
5%
There's
5%
dead
4%
lonely
4%
own
4%
soon
4%
above
3%
a'waiting
3%
feels
3%
pain
3%
Crying
2%
deep
2%
enough
2%
ground
2%
living
2%
river
2%
tree
2%
afternoon
1%
bird
1%
carry
1%
flats
1%
Guess
1%
It'll
1%
runs
1%
sitting
1%
taken
1%
evil
0%
soothing
0%
stone
0%

Score Distribution

Percentile by Number Answered

Percent of People with Each Score

Your Score History

You have not taken this quiz